000 01373cam a22003374a 4500
001 15221321
003 OSt
005 20250717182256.0
008 080317s2008 miu b 000 0 eng
010 _a 2008011999
020 _a9780802862785
_qpbk. : alk. paper
035 _a15221321
040 _aDLC
_cDLC
_dDLC
050 0 0 _aBS2650.52
_b.C45 2008
082 0 0 _a227/.012
_222
100 1 _aChilds, Brevard S.
245 1 4 _aThe church's guide for reading Paul :
_bthe canonical shaping of the Pauline Corpus /
_cBrevard S. Childs.
260 _aGrand Rapids, Mich. :
_bWilliam B. Eerdmans Pub.,
_cc2008.
300 _axi, 276 p. ;
_c23 cm.
336 _atext
_btxt
_2rdacontent
337 _aunmediated
_bn
_2rdamedia
338 _avolume
_bnc
_2rdacarrier
504 _aIncludes bibliographical references.
630 0 0 _aBible.
_pEpistles of Paul
_xCriticism, interpretation, etc.
630 0 0 _aBible.
_pNew Testament
_xCanon.
856 4 1 _3Table of contents only
_uhttp://www.loc.gov/catdir/toc/ecip0814/2008011999.html
906 _a7
_bcbc
_corignew
_d1
_eecip
_f20
_gy-gencatlg
942 _2lcc
_cBK
_n0
999 _c7033
_d7033